000 00819nas a2200241 4500
001 BR2017001183
003 BR-BrBNA
005 20231205130934.0
007 ta
008 230509b bl.|||p| |||| 00| 00por d
040 _aBR-BrBNA
_bpor
_cBiblioteca Nacional de Agricultura
041 _a(En)
072 _aF40
100 1 _aMüller, G.A.
100 1 _aMarcondes, C.B.
245 1 _aBromeliad-associated mosquitoes from Atlantic forest in Santa Catarina Island, southern Brazil (Diptera, Culicidae), with new records for the State of Santa Catarina
650 _aBROMÉLIA
650 _aINSETO
650 _aSANTA CATARINA
773 0 _tIheringia. Série Zoologia (Brazil)
_xISSN 0073-4721
_g(Sep 2006), v. 96(3) p. 315-319
_wBR2017001183
909 _a202311
_bLúcia
_c55
_dLúcia Elande
942 _2AGRIS
_n0
_cANA
999 _c252149
_d252149